00368nam a2200133Ia 4500008004100000020000800041040001500049041001200064082001900076100002300095245006600118260003500184300001500219230917s9999||||xx |||||||||||||| ||und|| cRS8 e7029aMAIN aEnglish a320.50954 S22M aSuda, Jyoti Prasad 0aMain currents of social and political thought in modern India aMeerutbJai Prakash Nathc1964 avi, 237 p.